[Event "CAN-ch U18"]
[Site "Montreal"]
[Date "2014.07.18"]
[Round "7"]
[White "Knox, Christopher"]
[Black "Robichaud, Nicolas"]
[Result "1/2-1/2"]
[WhiteElo "2294"]
[BlackElo "1715"]
[PlyCount "37"]
[EventDate "2014.07.15"]
[EventType "swiss"]
[EventRounds "7"]
[EventCountry "CAN"]
[SourceTitle "EXT 2022"]
[Source "ChessBase"]
[SourceDate "2021.10.06"]
[SourceVersion "1"]
[SourceVersionDate "2021.10.06"]
[SourceQuality "1"]

1. d4 Nf6 2. Nf3 g6 3. Bg5 Bg7 4. Nbd2 0-0 5. c3 d6 6. e4 Nbd7 7. Bd3 e5 8. 0-0 h6 9. Bh4 g5 10. Bg3 Nh5 11. dxe5 Nxg3 12. hxg3 dxe5 13. Nc4 Nc5 14. Bc2 Qe7 15. Ne3 Rd8 16. Qe2 c6 17. b4 Na6 18. Bb3 Nc7 19. Rfd1 1/2-1/2

[Event "CAN-ch U14"]
[Site "Richmond Hill"]
[Date "2011.07.08"]
[Round "6"]
[White "Robichaud, Nicolas"]
[Black "Nasir, Zehn"]
[Result "1/2-1/2"]
[WhiteElo "1411"]
[BlackElo "1686"]
[PlyCount "123"]
[EventDate "2011.07.06"]
[EventType "swiss"]
[EventRounds "7"]
[EventCountry "CAN"]
[SourceTitle "EXT 2022"]
[Source "ChessBase"]
[SourceDate "2021.10.06"]
[SourceVersion "1"]
[SourceVersionDate "2021.10.06"]
[SourceQuality "1"]

1. e4 d5 2. exd5 Qxd5 3. Nc3 Qd6 4. Nf3 Nf6 5. d4 c6 6. h3 Bf5 7. Bd3 Bxd3 8. Qxd3 Nbd7 9. 0-0 e6 10. Re1 Be7 11. Bg5 h6 12. Bh4 Qc7 13. Bg3 Bd6 14. Bxd6 Qxd6 15. Ne4 Qc7 16. c4 Rd8 17. Nfd2 0-0 18. c5 Qa5 19. Nd6 Qc7 20. a4 b6 21. b4 a5 22. Qb3 axb4 23. Qxb4 bxc5 24. dxc5 Nxc5 25. Qxc5 Qxd6 26. Qxd6 Rxd6 27. Nc4 Rd4 28. Rec1 Nd5 29. Ne5 Ra8 30. a5 Nf4 31. Nxc6 Rd6 32. Kf1 Nd5 33. Ne5 Rda6 34. Rc5 Nf6 35. Nc4 Ne4 36. Rb5 Nd6 37. Nxd6 Rxd6 38. Ke2 Kf8 39. Rd1 Rda6 40. Ra1 R6a7 41. Kd3 Rc8 42. Kd4 Rd7+ 43. Ke3 Rc6 44. Rb6 Rcc7 45. Ra3 Ke7 46. a6 Ra7 47. Rab3 g6 48. Rd3 Rdc7 49. Kd2 h5 50. Ra3 Kd8 51. Ke3 Ke7 52. Rab3 Kd7 53. Kf4 f6 54. Re3 e5+ 55. Kf3 Rc6 56. Rxc6 Kxc6 57. Rc3+ Kd6 58. Ra3 Ke6 59. Ke3 f5 60. f4 exf4+ 61. Kxf4 Kf6 62. h4 1/2-1/2

[Event "North American-ch U14"]
[Site "Montreal"]
[Date "2010.08.19"]
[Round "7"]
[White "Shi, Yang Tian Jiao"]
[Black "Robichaud, Nicolas"]
[Result "1-0"]
[WhiteElo "1327"]
[BlackElo "1332"]
[PlyCount "82"]
[EventDate "2010.08.16"]
[EventType "swiss"]
[EventRounds "7"]
[EventCountry "CAN"]
[SourceTitle "EXT 2013"]
[Source "ChessBase"]
[SourceDate "2012.11.22"]
[SourceVersion "1"]
[SourceVersionDate "2012.11.22"]
[SourceQuality "1"]

1. d4 f5 2. c4 e6 3. Nc3 Nf6 4. Bf4 d6 5. Nf3 b6 6. e3 Bb7 7. Be2 Nbd7 8. h3 Be7 9. 0-0 Ne4 10. Nxe4 fxe4 11. Nd2 Bg5 12. Bh2 0-0 13. Qc2 d5 14. cxd5 exd5 15. Qxc7 Qxc7 16. Bxc7 Rac8 17. Rac1 Bd8 18. Bxd8 Rfxd8 19. Nb3 Nf6 20. Rxc8 Rxc8 21. Rc1 Rxc1+ 22. Nxc1 Kf7 23. Kf1 Ke6 24. Ke1 g5 25. Kd2 Kf5 26. g4+ Kg6 27. Kc3 a5 28. b4 axb4+ 29. Kxb4 Bc6 30. a4 Nd7 31. Bb5 Bxb5 32. Kxb5 Kf6 33. Kc6 Ke6 34. Ne2 Ke7 35. Kxd5 Nf6+ 36. Kc6 Nd7 37. Nc3 Ke6 38. Nxe4 h6 39. d5+ Ke7 40. Nd2 Ke8 41. Nc4 Kd8 1-0

[Event "North American-ch U14"]
[Site "Montreal"]
[Date "2010.08.17"]
[Round "3"]
[White "Jafarov, Amin"]
[Black "Robichaud, Nicolas"]
[Result "1-0"]
[WhiteElo "875"]
[BlackElo "1332"]
[PlyCount "100"]
[EventDate "2010.08.16"]
[EventType "swiss"]
[EventRounds "7"]
[EventCountry "CAN"]
[SourceTitle "EXT 2013"]
[Source "ChessBase"]
[SourceDate "2012.11.22"]
[SourceVersion "1"]
[SourceVersionDate "2012.11.22"]
[SourceQuality "1"]

1. e4 c5 2. Nf3 e6 3. d4 cxd4 4. Nxd4 Nc6 5. Nxc6 bxc6 6. g3 Nf6 7. Nc3 Bb4 8. Bg5 h6 9. Bxf6 Qxf6 10. Qd3 Qe5 11. Bg2 d5 12. 0-0 Rb8 13. Rfe1 d4 14. Rad1 0-0 15. Qxd4 Bxc3 16. bxc3 Qxd4 17. cxd4 Rb2 18. c4 Rxa2 19. d5 c5 20. d6 Rd8 21. e5 Bd7 22. Ra1 Rc2 23. Rac1 Ra2 24. Ra1 Rc2 25. Rec1 Rxc1+ 26. Rxc1 a6 27. Ra1 Bc8 28. Bc6 f5 29. f4 g5 30. Rd1 Bd7 31. Bxd7 Rxd7 32. Ra1 Ra7 33. Rb1 Rf7 34. Rb8+ Rf8 35. Rb7 Rf7 36. d7 Rf8 37. Rc7 Rd8 38. Rc8 Kf7 39. Rxd8 Ke7 40. Rc8 Kxd7 41. Rxc5 gxf4 42. gxf4 h5 43. Ra5 h4 44. Rxa6 h3 45. Kf2 Ke7 46. c5 Kd7 47. Kg3 Kc7 48. Kxh3 Kb7 49. Rxe6 Kc7 50. Rh6 Kd7 1-0